000 00293nam a22001217a 4500
008 170615b xxu||||| |||| 00| 0 eng d
041 _aeng
080 _a32
100 _a19
101 _aSHP
245 _aTHE STUDY OF WORKD SOCIETY A LONDON PERSPECTIVE
_cBURTON.J.W
942 _2udc
_cBK
999 _c17539
_d17539